[Event "GER-chT U14"]
[Site "Verden an der Aller"]
[Date "2017.12.29"]
[Round "5.1"]
[White "Post, Hugo"]
[Black "Sulayev, Daniel"]
[Result "1/2-1/2"]
[WhiteElo "1956"]
[BlackElo "2034"]
[PlyCount "76"]
[EventDate "2017.12.26"]
[EventType "team-swiss"]
[EventRounds "7"]
[EventCountry "GER"]
[SourceTitle "CBM 182 Extra"]
[Source "ChessBase"]
[SourceDate "2018.02.23"]
[SourceVersion "1"]
[SourceVersionDate "2018.02.23"]
[SourceQuality "1"]
[WhiteTeam "Halle Reideburger"]
[BlackTeam "Berlin Empor"]
[WhiteTeamCountry "GER"]
[BlackTeamCountry "GER"]

1. e4 c5 2. Nf3 Nc6 3. d4 cxd4 4. Nxd4 Nf6 5. Nc3 e5 6. Ndb5 d6 7. Nd5 Nxd5 8. exd5 Nb8 9. Qf3 a6 10. Qa3 b6 11. Bg5 f6 12. Be3 Bb7 13. Nc3 f5 14. g3 Be7 15. 0-0-0 Nd7 16. f4 0-0 17. Be2 b5 18. Kb1 Qc7 19. Rhg1 Rae8 20. fxe5 Nxe5 21. Bd4 Bf6 22. g4 fxg4 23. Bxg4 Nc4 24. Qb4 Bxd4 25. Rxd4 Qb6 26. Rdd1 Rf4 27. Ne2 Rxg4 28. Rxg4 a5 29. Qc3 Re5 30. Rdg1 g6 31. Nf4 Bc8 32. R4g3 Bf5 33. Kc1 Ne3 34. h4 Nxd5 35. Nxd5 Rxd5 36. h5 Rc5 37. Qf6 Rxc2+ 38. Kd1 Qf2 1/2-1/2

[Event "GER-chT U14"]
[Site "Verden an der Aller"]
[Date "2017.12.29"]
[Round "6.1"]
[White "Sulayev, Daniel"]
[Black "Stirnberg, Noah"]
[Result "1-0"]
[WhiteElo "2034"]
[BlackElo "1809"]
[PlyCount "59"]
[EventDate "2017.12.26"]
[EventType "team-swiss"]
[EventRounds "7"]
[EventCountry "GER"]
[SourceTitle "CBM 182 Extra"]
[Source "ChessBase"]
[SourceDate "2018.02.23"]
[SourceVersion "1"]
[SourceVersionDate "2018.02.23"]
[SourceQuality "1"]
[WhiteTeam "Berlin Empor"]
[BlackTeam "Paderborn"]
[WhiteTeamCountry "GER"]
[BlackTeamCountry "GER"]

1. e4 c5 2. Nf3 d6 3. d4 cxd4 4. Qxd4 Nc6 5. Bb5 Bd7 6. Bxc6 Bxc6 7. Nc3 Nf6 8. Bg5 e5 9. Qd3 h6 10. Bh4 g5 11. Bg3 Nh5 12. 0-0-0 a6 13. Nd2 b5 14. Nf1 Nf4 15. Bxf4 gxf4 16. g3 Qg5 17. Kb1 f5 18. f3 0-0-0 19. a4 fxe4 20. fxe4 Qg4 21. gxf4 exf4 22. axb5 axb5 23. Nd2 Qd7 24. Nxb5 Bxb5 25. Qc3+ Kb7 26. Qxh8 Bg7 27. Qh7 Rc8 28. Nb3 Qc7 29. Rd2 Ba4 30. Rg1 1-0